00757nam a2200229 a 450000100060000000300090000600800410001502000150005604000280007108200180009910000350011724500400015226000340019230000110022659000360023765000200027365000410029365000110033494200120034599900170035795201530037414016CO-ViMGA141112s2004 ck r 000 u spa d a8487520340 aCO-ViMGAbspacCO-ViMGA04a372.86 C154cu1 aCañizares M., Jose M.92047810a400 juegos y ejercicios por parejas aSevilla : bWanceulen, c1998 a146.p. aForma de adquisición : Compra14aDEPORTES94815814aeducación FISICA PARA NIÑOS938114aJUEGOS 2ddccBK c24717d24717 00102ddc40708003aMEVIECARbMEVIECARd2015-12-04hVolumen. 1 | 11/jun/2009l0o372.86 C154cu p14016r2015-12-04 00:00:00tEj. 1w2015-12-04yBK